000 01100cam a22002055a 4500
001 L138566
008 070621e20070618xxk f 000 0 eng d
035 _a(Sirsi) u138566
041 0 _aeng
110 2 _aChartered Institution of Building Services Engineers
_92360
245 0 0 _aCIBSE releases sustainability toolkit
_h[electronic resource]
260 _c2007
490 0 _aCIBSE Press Release
_v18 June 2007
520 _aCIBSE has delivered its sustainability toolkit, launched at the its National Conference in April. It consists of an three new items to help professionals achieve a more sustainable built environment. An introductory guide to sustainability is supplemented by a full guide setting out fundamental principles, sustainable techniques and technologies and a searchable online database of good practice guidance.
590 _aKA NTK
651 4 _aUnited Kingdom
_y
690 _aBUILT ENVIRONMENT-SUSTAINABLE CONSTRUCTION
856 4 8 _uhttps://www.cibse.org/index.cfm?action=showpage&pageID=720&TopSecID=16
_zView the article free of charge at www.cibse.org...
942 _n0
999 _c78914
_d78914